000 01737nam a2200373 i 4500
003 DO-SdBNP
005 20250311112338.0
007 ta
008 230508e2022 dr ahc|gr|||| 001 sdspa d
020 _a9789945930740
040 _aDO-SdBNP
_bspa
_cBNPHU
_erda
041 _aspa
082 4 _a972.9304
_bR457e
_222
100 1 _aReyes Sánchez, Miguel,
_eautor
_4aut.
_92285
_d1966-
245 1 3 _aLa expedición haitiana de Dessalines a Santo Domingo /
_cMiguel Reyes Sánchez
250 _aPrimera edición
264 4 _aSanto Domingo, República Dominicana :
_bAcademia Dominicana de la Historia,
_c©2022.
300 _a212 páginas :
_biustraciones, facsímil, retratos ;
_c22 cm.
336 _atexto
_btxt
_2rdacontent
337 _asin mediación
_bn
_2rdamedia
338 _avolumen
_bnc
_2rdacarrier
490 _aAcademia Dominicana de la Historia ;
_v163
500 _aIncluye datos biográficos del autor en las solapas
500 _aIncluye bibliografía y notas al pie de páginas.
500 _aDiscurso de ingreso como miembro de Número de la Academia Dominicana de la Historia leído el 16 de febrero de 2022.
505 _aResumen.
_tLa expedición haitiana de Dessalines a Santo Domingo--
_tDiscurso de recepción por el dr. Frank Moya Pons--
_tPublicaciones de la Academia Dominicana de la Historia.
590 _aInventariado 2023 / MF
600 1 0 _aDessalines, Jean Jacques,
_d1758-1806
_984105
651 4 _aRepública Dominicana --
_xHistoria --
_yOcupación haitiana , 1822-1844
_984130
651 4 _aRepública Dominicana
_xRelaciones exteriores
_yHaití
_984816
651 4 _aHaití
_xRelaciones exteriores
_zRepública Dominicana
_92234
910 _aValidado. Control de Calidad/MAA
942 _2ddc
_cLBS1
999 _c53443
_d53443